01124cam a2200301 a 450000500170000000800410001701000150005802000270007302000180010002000150011803500200013304000540015304100080020724501140021525000220032926000820035130000240043350000210045754100680047861000360054665000320058265000430061470000320065770000330068970000330072270000310075571000360078620220125110224.0161202s2006 xxu fr 001 0 eng d a2005034937 a9780199692996 (2a.Ed.) a9780199261772 a0199261776 a(Sirsi) a717159 aCo-BoUCMcDeissy Garcia (modificó)dSaul Niño0 aeng04aThe Statute of the International Court of Justiceba commentaryceditado por Andreas Zimmermann... [y otros.] aSegunda edición aNew York (Estados Unidos)aOxford (Inglaterra)bOxford University Pressc2006 alii, 1745 páginas aIncluye índice aCustom Built Designs;cCompra;d2007/agosto/08;h$727.059;n1 c.24aCorte Internacional de Justicia 7aTribunales internacionales  7aJurisdicción xDerecho internacional1 aZimmermann, Andreaseeditor1 aTomuschat, Christianeeditor1 aOellers-Frahm, Karineeditor1 aTams, Christian J.eeditor2 aCorte Internacional de Justicia